Metamorfosis del lenguaje / (Record no. 103262)

MARC details
000 -CABECERA
campo de control de longitud fija 00527nam a2200193 a 4500
005 - FECHA Y HORA DE LA ÚLTIMA TRANSACCIÓN
campo de control 20210219154721.0
008 - ELEMENTOS DE LONGITUD FIJA--INFORMACIÓN GENERAL
campo de control de longitud fija 031205s2002 mx r 000 0 spa d
020 ## - NÚMERO INTERNACIONAL NORMALIZADO PARA LIBROS
Número Internacional Estándar del Libro 8477389829
035 ## - NÚMERO DE CONTROL DEL SISTEMA
Número de control de sistema UPN01000131107
049 ## - COLECCIÓN
Colección CG
050 #4 - SIGNATURA TOPOGRÁFICA DE LA BIBLIOTECA DEL CONGRESO
Número de clasificación P105
Número de documento/Ítem M3.5
100 1# - ASIENTO PRINCIPAL--NOMBRE PERSONAL
Nombre de persona Maceiras Fafián, Manuel
245 10 - MENCIÓN DE TÍTULO
Título Metamorfosis del lenguaje /
Mención de responsabilidad, etc. Manuel Maceiras Fafián.
260 ## - PUBLICACIÓN, DISTRIBUCIÓN, ETC.
Lugar de publicación, distribución, etc. Madrid :
Nombre del editor, distribuidor, etc. Síntesis,
Fecha de publicación, distribución, etc. 2002.
300 ## - DESCRIPCIÓN FÍSICA
Extensión 447 p.
440 #0 - MENCIÓN DE SERIE/ASIENTO SECUNDARIO--TÍTULO
Título Síntesis.
Nombre de parte o sección de la obra Filosofía ;
Designación de volumen o secuencia 12
650 #4 - ASIENTO SECUNDARIO DE MATERIA - TERMINO TEMATICO
Término de materia o nombre geográfico como elemento de entrada LENGUAJES -
Subdivisión general FILOSOFIA
905 ## - TIPO DE MATERIAL
Tipo de material Libro
Holdings
Estado de retiro Estado de pérdida Fuente del sistema de clasificación o colocación Estado dañado No para préstamo Código de colección Localización permanente Ubicación/localización actual Ubicación en estantería Total de préstamos Clasificación Código de barras Fecha visto por última vez Número de copia Tipo de ítem Koha
    Library of Congress Classification     Colección General Bib. Gregorio Torres Quintero Bib. Gregorio Torres Quintero Planta baja 11 P105 M3.5 220914 31/12/2020 1 Libro